Industry's vote for case of the century (Record no. 66752)
[ view plain ]
| 000 -LEADER | |
|---|---|
| fixed length control field | 00949cam a2200205 4500 |
| 001 - CONTROL NUMBER | |
| control field | X1120992 |
| 008 - FIXED-LENGTH DATA ELEMENTS--GENERAL INFORMATION | |
| fixed length control field | 000000n 000 0 eng u |
| 035 ## - SYSTEM CONTROL NUMBER | |
| System control number | (Sirsi) u112092 |
| 100 ## - MAIN ENTRY--PERSONAL NAME | |
| Personal name | Morrison, A. |
| 245 ## - TITLE STATEMENT | |
| Title | Industry's vote for case of the century |
| 490 ## - SERIES STATEMENT | |
| Series statement | Project Scotland |
| Volume/sequential designation | July 2000, p8(1) |
| 520 ## - SUMMARY, ETC. | |
| Summary, etc. | Outlines the implications for the construction industry of Bank of Scotland v Dunedin Property Investment Co. The case, although not directly related to the industry, was voted second in a poll to determine the most significant construction case of the last century. The case concerned a financial agreement between parties in relation to the purchase of debenture loan stock. |
| 650 ## - SUBJECT ADDED ENTRY--TOPICAL TERM | |
| Topical term or geographic name entry element | BANK OF SCOTLAND V DUNEDIN PROPERTY INVESTMENT CO LTD |
| 650 ## - SUBJECT ADDED ENTRY--TOPICAL TERM | |
| Topical term or geographic name entry element | CONTRACT LAW |
| 650 ## - SUBJECT ADDED ENTRY--TOPICAL TERM | |
| Topical term or geographic name entry element | INTENTION OF PARTIES |
| 650 ## - SUBJECT ADDED ENTRY--TOPICAL TERM | |
| Topical term or geographic name entry element | INTERPRETATION |
| 650 ## - SUBJECT ADDED ENTRY--TOPICAL TERM | |
| Topical term or geographic name entry element | SCOTLAND |
| 690 ## - LOCAL SUBJECT ADDED ENTRY--TOPICAL TERM (OCLC, RLIN) | |
| Topical term or geographic name as entry element | BUILDING AND CONSTRUCTION-CASE LAW |
| 942 ## - ADDED ENTRY ELEMENTS (KOHA) | |
| Suppress in OPAC | 0 |
| Withdrawn status | Lost status | Source of classification or shelving scheme | Damaged status | Not for loan | Home library | Current library | Shelving location | Date acquired | Total Checkouts | Full call number | Barcode | Date last seen | Copy number | Price effective from | Koha item type |
|---|---|---|---|---|---|---|---|---|---|---|---|---|---|---|---|
| Dewey Decimal Classification | London | London | Journal article | 24/04/2001 | X112092 | 112092-2001 | 06/08/2019 | 1 | 06/08/2019 | Journal article |